Statistiques concernant Capitales littorales en Afrique

Cliquez ici pour prendre le quiz!

Statistiques générales

  • Ce quiz a été pris 224 fois
  • Le résultat moyen est 15 sur 26

Statistiques - réponses

Capitale en bord de mer% Correct
2Alger
95%
25Tunis
93%
7Dakar
89%
22Rabat
87%
24Tripoli
82%
12Luanda
67%
8Djibouti
65%
9Freetown
64%
10Libreville
64%
11Lomé
64%
15Mogadiscio
62%
1Accra
59%
14Maputo
58%
20Porto-Novo
56%
21Praia
56%
16Monrovia
54%
4Bissau
53%
23São Tomé
51%
3Banjul
50%
6Conakry
47%
26Victoria
47%
18Nouakchott
45%
13Malabo
44%
17Moroni
44%
19Port-Louis
44%
5Le Cap (Capitale législative)
4%

Distribution des résultats

Percentile par nombre de réponses

% des personnes avec chaque résultat

Votre développement - résultats

Vous n’avez pas pris ce quiz